00668nam a2200205 a 4500999001500000001000500015003000900020005001700029008004100046040002800087082002000115100002000135245004800155250001200203260005000215300002800265650003900293942001200332952011800344 c1623d16238312BD-DhUAP20200211102900.0200211s2002 bg zl 001 0 eng d aDLCcDLCdBD-DhUAPbEng00a346.048 HOS223 aHossain, Altaf.10aIntellectual property act /cAltaf Hossain. a1st ed. aDhaka :bBangladesh law book company,cc2002. axv, 397 pages ;c22 cm. 0aIntellectual propertyzBangladesh. 2ddccBK 00102ddc4070aUAPCLbUAPCLcGeneral Stacksd2020-02-11o346.048 HOSp3010008312r2020-02-11t1w2020-02-11yBK